Tlumočení pro osoby se specifickými jazykovými potřebami /

Hlavní autor: Petříčková, Jana, 1978-
Další autoři: Nováková, Radka, 1977-, Vysuček, Petr, 1978-
Jazyk: Čeština
Vydáno: Praha : Česká komora tlumočníků znakového jazyka, c2008
Vydání: 2., opr. vyd.
Témata:
Externí odkaz: Digitalizovaný dokument
Fyzický popis: 79 s. : portréty ; 21 cm
Knihy
Uloženo v:
LEADER 02034nam a2200493 a 4500
001 nkc20081805765
003 CZ PrNK
005 20240405203352.0
007 ta
008 090122s2008 xr c e f 000 0 cze
015 |a cnb001805765 
020 |z 978-80-87153-66-6  |q (soubor) 
020 |a 978-80-87218-14-3  |q (brož.) 
020 |z 978-80-87153-68-0  |q (2. sv. ;  |q DVD) 
035 |a (OCoLC)316674107 
040 |a ABA001  |b cze 
072 7 |a 81  |x Lingvistika. Jazyky  |2 Konspekt  |9 11 
080 |a 316.344.6-056.263  |2 MRF 
080 |a 81'27  |2 MRF 
080 |a 81'25  |2 MRF 
080 |a (072)  |2 MRF 
100 1 |a Petříčková, Jana,  |d 1978-  |7 mzk2008434272  |4 aut 
245 1 0 |a Tlumočení pro osoby se specifickými jazykovými potřebami /  |c Jana Petříčková, Radka Nováková, Petr Vysuček 
250 |a 2., opr. vyd. 
260 |a Praha :  |b Česká komora tlumočníků znakového jazyka,  |c c2008 
300 |a 79 s. :  |b portréty ;  |c 21 cm 
500 |a Vydáno v rámci projektu Vyškolení lektorů a vytvoření výukových materiálů pro tlumočníky znakového jazyka, transliterátory znakované češtiny a vizualizátory mluvené češtiny 
504 |a Obsahuje bibliografie 
650 0 7 |a osoby se sluchovým postižením  |7 ph116187  |2 czenas 
650 0 7 |a sociolingvistika  |7 ph125749  |2 czenas 
650 0 7 |a tlumočení  |7 ph126669  |2 czenas 
650 0 9 |a hearing impaired  |2 eczenas 
650 0 9 |a sociolinguistics  |2 eczenas 
650 0 9 |a interpretation  |2 eczenas 
655 7 |a metodické příručky  |7 fd132826  |2 czenas 
655 9 |a methodological manuals  |2 eczenas 
700 1 |a Nováková, Radka,  |d 1977-  |7 mzk2008434271  |4 aut 
700 1 |a Vysuček, Petr,  |d 1978-  |7 mzk2007386138  |4 aut 
856 4 1 |u http://www.digitalniknihovna.cz/mzk/uuid/uuid:ae5b9f50-be53-11e3-aec3-005056827e52  |y Digitalizovaný dokument  |x NDK 
910 2 |a BOA001  |b 2-1220.116 
990 |a BK 
995 |a 01 
991 |b 200903  |c NOV 
996 6 |b 2610370487  |c 2-1220.116  |l MZK  |r Sklad / do 1 hodiny  |n 3  |p p.v.  |w 000932490  |u 000010  |a 1  |e BOA001  |j MZK50  |s P